Chuối : sự kỳ diệu qua những món ăn bài thuốc

Sách giới thiệu đặc tính sinh học và công dụng của chuối. Các nguyên liệu và cách chế biến các món ăn chữa bệnh trong đó có dùng chuối.

Guardado en:
Detalles Bibliográficos
Autor principal: Long, Tú Vân
Formato: Libro
Lenguaje:Undetermined
Publicado: Hà Nội Mỹ thuật 2009
Materias:
Etiquetas: Agregar Etiqueta
Sin Etiquetas, Sea el primero en etiquetar este registro!
Thư viện lưu trữ: Trung tâm Học liệu Trường Đại học Cần Thơ
LEADER 00912nam a2200229Ia 4500
001 CTU_154812
008 210402s9999 xx 000 0 und d
020 |c 32000 
082 |a 613.2 
082 |b V121 
100 |a Long, Tú Vân 
245 0 |a Chuối : 
245 0 |b sự kỳ diệu qua những món ăn bài thuốc 
245 0 |c Long Tú Vân, Khôi Nguyên 
260 |a Hà Nội 
260 |b Mỹ thuật 
260 |c 2009 
520 |a Sách giới thiệu đặc tính sinh học và công dụng của chuối. Các nguyên liệu và cách chế biến các món ăn chữa bệnh trong đó có dùng chuối. 
650 |a Diet therapy,Nutrition,Banana,Ăn uống chữa bệnh,Khoa dinh dưỡng 
650 |x Dietetics,Dinh dưỡng 
904 |i Năm 
980 |a Trung tâm Học liệu Trường Đại học Cần Thơ